000 00906nam a2200229 i 4500
001 175304
003 ES-MaACL
005 20250806062549.0
007 t|
008 101020s1974 sp f ||||1| spa d
080 _a929 Ramírez Ángel, Emiliano
100 1 _aSánchez de Palacios, Mariano,
_d1906-1990
_9102595
245 1 0 _aEmiliano Ramírez Ángel o la serenidad /
_cpor Mariano Sánchez de Palacios.
260 _aMadrid :
_bAyuntamiento de Madrid, Delegación de Educación :
_bInstituto de Estudios Madrileños,
_c1974.
300 _a27 p. , [7] h. de lám. ;
_c22 cm.
490 1 _aCiclo de conferencias sobre madrileños ilustres ;
_v6
600 0 4 _aRamírez Angel, Emiliano.
_995120
710 2 _aInstituto de Estudios Madrileños
_94916
830 0 _aCiclo de conferencias sobre madrileños ilustres ;
_v6
_9189635
852 _aES-MaACL
_j2259-F-22
_xOlim P-55
999 _c175304
_d175304